Statistics for US Cities by Map Quiz # 1

Click here to take the quiz!

General Stats

  • This quiz has been taken 459 times
  • The average score is 16 of 20

Answers on the Map

Answers color-coded by a green-red scale on the quiz's map according to % correct below.
 

Answer Stats

City% Correct
Los Angeles
98%
Las Vegas
96%
Seattle
96%
San Francisco
94%
Boston
93%
Chicago
92%
New Orleans
92%
Detroit
88%
New York City
88%
Washington DC
86%
Minneapolis
82%
Anchorage
79%
Cleveland
77%
Memphis
77%
El Paso
76%
Pittsburgh
74%
Little Rock
71%
Tallahassee
70%
Louisville
58%
Topeka
48%

Score Distribution

Percentile by Number Answered

Percent of People with Each Score

Your Score History

You have not taken this quiz